000 00646nam a2200229Ia 4500
003 OSt
005 20220928111804.0
006 a|||||r|||| 00| 0
007 ta
008 220927b |||||||| |||| 00| 0 eng d
024 _a46697
037 _cTextual
040 _aSDCL
_cSDCL
_beng
041 _2eng
_aeng
082 _aX:93.2'N7t, L8
100 _aIndia,Finance(Mn of)
_9425070
245 0 _aReport of the study group on wages incomes and prices
260 _aNew Delhi
_bMinister of Finance
_c1978
300 _aii,146p
_ccm.
942 _hX:93.2'N7t, L8
_cTEXL
_2CC
999 _c742070
_d742070